| 000 | 00726nam a2200217 a 4500 | ||
|---|---|---|---|
| 005 | 20210219152830.0 | ||
| 008 | 991125n 000 0 spa u | ||
| 035 | _aUPN01000062707 | ||
| 100 | _aSCHUCHARDT, Erika | ||
| 222 |
_aEDUCACION : _bCOLECCION SEMESTRAL DE APORTACIONES ALEMANAS RECIENTES EN LAS CIENCIAS PEDAGOGICAS |
||
| 245 | _aAcercándose unos a otros : la integración social de los impedidos a través del perfeccionamiento educativo | ||
| 300 | _a22-44 | ||
| 362 | _a1988 Vol. 3 | ||
| 653 | 0 | _aAPRENDIZAJE | |
| 653 | 0 | _aDEFICIENTE FISICO | |
| 653 | 0 | _aPERSONALIDAD | |
| 653 | 0 | _aREPUBLICA FEDERAL DE ALEMANIA | |
| 700 | _aBLUMENTHAL, Viktor von, coaut. | ||
| 904 |
_aAC _b000518 |
||
| 905 | _aArticulo | ||
| 999 |
_c61829 _d61829 |
||